| 000 | 01073nam a2200205Ia 4500 | ||
|---|---|---|---|
| 008 | 0000001997 ve a 0000000000spa00 | ||
| 090 | _aPSP00 B17l | ||
| 100 | 1 |
_aBarba, Lluís _d1952 |
|
| 245 | 1 | 0 |
_aLluís Barba _b: clonation mutation isolated pressure, codes _c/ textos didácticos Carlos Palacios, xiomara Jiménez ; textos en inglés Maite Gómez Teixidó ; ensayos Fernando Castro Flórez...[et al] ; fotografías Joan Mundó |
| 300 |
_a90 p. _c/ 28 cm. |
||
| 500 | _aExposición realizada en el Museo Jacobo Borges, Caracas, Julio Agosto, 1997 \ Portada autografiada con el siguiente texto: Con cariño para Celia de Lluís \ Con el patronazgo del maestro venezolano Jesús Rafael Soto (q.e.p.d.) \ Registro auspiciado por el IDCT. Bogotá | ||
| 600 | 0 | 0 |
_aBARBA, LLUIS, 1952/ _xTRABAJOS PICTORICOS |
| 650 | 1 | 4 | _aARTE CONTEMPORANEO ESPAÑOL |
| 650 | 1 | 4 | _xCATALOGOS |
| 650 | 1 | 4 | _xEXPOSICIONES |
| 650 | 1 | 4 | _aPINTORES ESPAÑOLES |
| 650 | 1 | 4 | _aPINTURA ESPAÑOLA |
| 700 | 1 | _aPalacios, Carlos \ | |
| 999 |
_c3581 _d3581 |
||
| 260 |
_aCaracas : Museo Jacobo Borges _c1997 |
||